Флаги с крестами - Statistics

General Stats
  • This quiz has been taken 688 times
    653 since last reset
  • The average score is 14 of 18
Answer Stats
Picture Answer % Correct
великобритания
99%
дания
97%
МАЛЬТА
91%
грузия
90%
греция
90%
австралия
88%
норвегия
87%
финляндия
87%
швейцария
87%
швеция
87%
исландия
85%
новая зеландия
84%
ямайка
76%
фиджи
62%
доминиканская республика
58%
доминика
57%
тонга
47%
тувалу
41%
No matching quizzes found
Score Distribution
Percent of People with Each Score
Percentile by Number Answered
Your Score History
You have not taken this quiz since the last reset